00828nam a22002417a 4500003000500000005001700005008004100022010000900063011000900072035000900081040000900090082001600099100002200115245004600137260005700183300002000240500004600260500011400306650003700420650002500457700001400482710009000496CHAP20220329133637.0971013s1986 r 00010 d a8944 a9916 a9152 cCHAP a664.063bM300aLe Mager, M.eed. aFood engineering and process applications aLondon :bElsevier Applied Science Publishers,c1986 a2 v.b; gráfs aLa biblioteca tiene : v.2 Unit operations aProceedings of the 4th International Congress on Engineering and Food held. 1985 at Edmonton, Alberta, Canada14aAlimentosxIndustriaxCongresos.14aAlimentosxMercadeo.0 aJelen, P.0 aInternational Congress on Engineering and food (4 : 1985 : Edmonton, Alberta, Canada)